<?xml version="1.0" encoding="UTF-8"?>
<marc:record xmlns:marc="http://www.loc.gov/MARC21/slim" type="Bibliographic">
   <marc:leader>00000pam a2200000 c 4500</marc:leader>
   <marc:controlfield tag="001">945144490</marc:controlfield>
   <marc:controlfield tag="003">DE-101</marc:controlfield>
   <marc:controlfield tag="005">20171202221033.0</marc:controlfield>
   <marc:controlfield tag="007">tu</marc:controlfield>
   <marc:controlfield tag="008">950726s1995    gw ||||| |||| 00||||ger  </marc:controlfield>
   <marc:datafield ind1=" " ind2=" " tag="015">
      <marc:subfield code="a">95,A47,0459</marc:subfield>
      <marc:subfield code="z">95,N33,0195</marc:subfield>
      <marc:subfield code="2">dnb</marc:subfield>
   </marc:datafield>
   <marc:datafield ind1="7" ind2=" " tag="016">
      <marc:subfield code="2">DE-101</marc:subfield>
      <marc:subfield code="a">945144490</marc:subfield>
   </marc:datafield>
   <marc:datafield ind1=" " ind2=" " tag="020">
      <marc:subfield code="a">9783929440690</marc:subfield>
      <marc:subfield code="c">kart.</marc:subfield>
      <marc:subfield code="9">978-3-929440-69-0</marc:subfield>
   </marc:datafield>
   <marc:datafield ind1=" " ind2=" " tag="020">
      <marc:subfield code="a">3929440695</marc:subfield>
      <marc:subfield code="c">kart.</marc:subfield>
      <marc:subfield code="9">3-929440-69-5</marc:subfield>
   </marc:datafield>
   <marc:datafield ind1=" " ind2=" " tag="035">
      <marc:subfield code="a">(DE-599)DNB945144490</marc:subfield>
   </marc:datafield>
   <marc:datafield ind1=" " ind2=" " tag="035">
      <marc:subfield code="a">(OCoLC)246661167</marc:subfield>
   </marc:datafield>
   <marc:datafield ind1=" " ind2=" " tag="040">
      <marc:subfield code="a">1140</marc:subfield>
      <marc:subfield code="b">ger</marc:subfield>
      <marc:subfield code="c">DE-101</marc:subfield>
      <marc:subfield code="d">9999</marc:subfield>
   </marc:datafield>
   <marc:datafield ind1=" " ind2=" " tag="041">
      <marc:subfield code="a">ger</marc:subfield>
   </marc:datafield>
   <marc:datafield ind1=" " ind2=" " tag="044">
      <marc:subfield code="c">XA-DE</marc:subfield>
   </marc:datafield>
   <marc:datafield ind1=" " ind2=" " tag="084">
      <marc:subfield code="a">16</marc:subfield>
      <marc:subfield code="a">10</marc:subfield>
      <marc:subfield code="a">320</marc:subfield>
      <marc:subfield code="q">DE-101</marc:subfield>
      <marc:subfield code="2">sdnb</marc:subfield>
   </marc:datafield>
   <marc:datafield ind1=" " ind2=" " tag="084">
      <marc:subfield code="a">8.1</marc:subfield>
      <marc:subfield code="q">DE-101</marc:subfield>
      <marc:subfield code="2">sswd</marc:subfield>
   </marc:datafield>
   <marc:datafield ind1="0" ind2="0" tag="245">
      <marc:subfield code="a">Friedensentwürfe</marc:subfield>
      <marc:subfield code="b">Positionen von Querdenkern des 20. Jahrhunderts ; [der Sammelband dokumentiert Arbeitsergebnisse des "Koordinations- und Studienzentrums Frieden und Umwelt" in Göttingen]</marc:subfield>
      <marc:subfield code="c">Dieter Kinkelbur/Friedhelm Zubke (Hrsg.)</marc:subfield>
   </marc:datafield>
   <marc:datafield ind1=" " ind2="1" tag="264">
      <marc:subfield code="a">Münster</marc:subfield>
      <marc:subfield code="b">Agenda-Verl.</marc:subfield>
      <marc:subfield code="c">1995</marc:subfield>
   </marc:datafield>
   <marc:datafield ind1=" " ind2=" " tag="300">
      <marc:subfield code="a">154 S.</marc:subfield>
      <marc:subfield code="c">21 cm</marc:subfield>
   </marc:datafield>
   <marc:datafield ind1=" " ind2=" " tag="336">
      <marc:subfield code="a">Text</marc:subfield>
      <marc:subfield code="b">txt</marc:subfield>
      <marc:subfield code="2">rdacontent</marc:subfield>
   </marc:datafield>
   <marc:datafield ind1=" " ind2=" " tag="337">
      <marc:subfield code="a">ohne Hilfsmittel zu benutzen</marc:subfield>
      <marc:subfield code="b">n</marc:subfield>
      <marc:subfield code="2">rdamedia</marc:subfield>
   </marc:datafield>
   <marc:datafield ind1=" " ind2=" " tag="338">
      <marc:subfield code="a">Band</marc:subfield>
      <marc:subfield code="b">nc</marc:subfield>
      <marc:subfield code="2">rdacarrier</marc:subfield>
   </marc:datafield>
   <marc:datafield ind1="1" ind2=" " tag="490">
      <marc:subfield code="a">Agenda Frieden</marc:subfield>
      <marc:subfield code="v">18</marc:subfield>
   </marc:datafield>
   <marc:datafield ind1=" " ind2=" " tag="500">
      <marc:subfield code="a">Literaturangaben</marc:subfield>
   </marc:datafield>
   <marc:datafield ind1=" " ind2="7" tag="650">
      <marc:subfield code="0">(DE-588)4155435-8</marc:subfield>
      <marc:subfield code="0">http://d-nb.info/gnd/4155435-8</marc:subfield>
      <marc:subfield code="0">(DE-101)041554353</marc:subfield>
      <marc:subfield code="a">Friedensforschung</marc:subfield>
      <marc:subfield code="2">gnd</marc:subfield>
   </marc:datafield>
   <marc:datafield ind1=" " ind2="7" tag="655">
      <marc:subfield code="0">(DE-588)4143413-4</marc:subfield>
      <marc:subfield code="0">http://d-nb.info/gnd/4143413-4</marc:subfield>
      <marc:subfield code="0">(DE-101)041434137</marc:subfield>
      <marc:subfield code="a">Aufsatzsammlung</marc:subfield>
      <marc:subfield code="2">gnd-content</marc:subfield>
   </marc:datafield>
   <marc:datafield ind1=" " ind2="7" tag="655">
      <marc:subfield code="a">Aufsatzsammlung</marc:subfield>
      <marc:subfield code="2">gnd</marc:subfield>
   </marc:datafield>
   <marc:datafield ind1="0" ind2="0" tag="689">
      <marc:subfield code="0">(DE-588)4155435-8</marc:subfield>
      <marc:subfield code="0">http://d-nb.info/gnd/4155435-8</marc:subfield>
      <marc:subfield code="0">(DE-101)041554353</marc:subfield>
      <marc:subfield code="D">s</marc:subfield>
      <marc:subfield code="a">Friedensforschung</marc:subfield>
   </marc:datafield>
   <marc:datafield ind1="0" ind2="1" tag="689">
      <marc:subfield code="A">f</marc:subfield>
      <marc:subfield code="a">Aufsatzsammlung</marc:subfield>
   </marc:datafield>
   <marc:datafield ind1="0" ind2=" " tag="689">
      <marc:subfield code="5">DE-101</marc:subfield>
      <marc:subfield code="5">DE-101</marc:subfield>
   </marc:datafield>
   <marc:datafield ind1="1" ind2=" " tag="700">
      <marc:subfield code="0">(DE-588)1038463874</marc:subfield>
      <marc:subfield code="0">http://d-nb.info/gnd/1038463874</marc:subfield>
      <marc:subfield code="0">(DE-101)1038463874</marc:subfield>
      <marc:subfield code="a">Kinkelbur, Dieter</marc:subfield>
      <marc:subfield code="d">1959-</marc:subfield>
      <marc:subfield code="e">Herausgeber</marc:subfield>
      <marc:subfield code="4">edt</marc:subfield>
   </marc:datafield>
   <marc:datafield ind1="2" ind2=" " tag="710">
      <marc:subfield code="0">(DE-588)2148982-8</marc:subfield>
      <marc:subfield code="0">http://d-nb.info/gnd/2148982-8</marc:subfield>
      <marc:subfield code="0">(DE-101)945144350</marc:subfield>
      <marc:subfield code="a">Koordinations- und Studienzentrum Frieden und Umwelt</marc:subfield>
      <marc:subfield code="g">Göttingen</marc:subfield>
      <marc:subfield code="e">Herausgebendes Organ</marc:subfield>
      <marc:subfield code="4">isb</marc:subfield>
   </marc:datafield>
   <marc:datafield ind1=" " ind2="0" tag="830">
      <marc:subfield code="a">Agenda Frieden</marc:subfield>
      <marc:subfield code="v">18</marc:subfield>
      <marc:subfield code="w">(DE-101)981448208</marc:subfield>
      <marc:subfield code="w">(DE-600)2253362-X</marc:subfield>
      <marc:subfield code="9">218</marc:subfield>
      <marc:subfield code="7">as</marc:subfield>
   </marc:datafield>
   <marc:datafield ind1=" " ind2=" " tag="850">
      <marc:subfield code="a">DE-101a</marc:subfield>
      <marc:subfield code="a">DE-101b</marc:subfield>
   </marc:datafield>
   <marc:datafield ind1="r" ind2=" " tag="925">
      <marc:subfield code="a">ra</marc:subfield>
   </marc:datafield>
</marc:record>
